On This Day: July 7th II Quiz Stats

 Plays Quiz Updated Jul 7, 2018

Score 0/7 Timer 03:00
0 Plays Today
Question Answer Wrong Answers
At the age of 17, this former German tennis player becomes the youngest male to ever win Wimbledon singles title.
1985
Boris Becker
91%
Nicolas Kiefer
2.7%
Michael Stich
2.6%
Gottfried von Cramm
2.2%
As a result of the ______ Affair, the US Congress rescinds the Treaty of Alliance with France, sparking the ‘Quasi-War’.
1798
XYZ
68.3%
ABC
14.4%
YKK
7.6%
MET
9.6%
This US President signs the Newlands Resolution, annexing Hawaii as a territory of the United States.
1898
William McKinley
63.5%
Grover Cleveland
20.3%
Benjamin Harrison
6.3%
Chester A. Arthur
9.5%
The Solomon Islands become independent from this country.
1978
United Kingdom
51.9%
Portugal
11%
Netherlands
13.7%
Australia
21.9%
This American baseball player and coach, who in 1948 became the first former Negro Leagues player to pitch in the World Series, is born.
1906
Satchel Paige
51.6%
Jackie Robinson
32.7%
Willie Mays
9.5%
Bob Gibson
5.6%
The ______ Armed Forces withdraw from northern Iraq after assisting the Kurdistan Democratic Party in the Iraqi Kurdish Civil War.
1997
Turkish
43.2%
Iranian
24.9%
Syrian
19.1%
Israeli
11.1%
In an effort to keep Germany from taking ______, Britain persuades the Althing to approve an American occupation force on the island.
1941
Iceland
37.8%
Malta
32.7%
Cyprus
24.5%
Madagascar
3.8%

You're not logged in!

Compare scores with friends on all Sporcle quizzes.
OR
Log In

Sporcle TV

Today on Sporcle TV


Watch our educational content, quiz creation guides, and fun videos on Sporcle TV.

Show Comments

Extras

Top Quizzes Today


Score Distribution

Your Account Isn't Verified!

In order to create a playlist on Sporcle, you need to verify the email address you used during registration. Go to your Sporcle Settings to finish the process.

Report this User

Report this user for behavior that violates our Community Guidelines.

Details: